Fc Nantes - Tous les joueurs de 2010 à 2025 - Statistiques

Statistiques générales
  • Ce quiz a été pris 275 fois
    74 depuis la dernière actualisation
  • Le résultat moyen est 62 sur 203
Statistiques - réponses
Saisons Nationalité Jouer Nombre
De Matchs
Poste % Correct
2019 - 2025 Nigéria MosesSimon 201 A
92%
2019 - 2022 France RoliPereira De Sa 30 M
90%
2019 - 2025 CoteD'ivoire AlbanLafont 198 G
88%
2017 - 2025 France NicolasPallois 243 D
85%
2015 - 2019 Argentine EmilianoSala 133 A
81%
2019 - 2023 France LudovicBlas 159 M/A
80%
2023 - France MatthisAbline 50 A
80%
2020 - 2025 Espagne PedroChirivella 173 M
80%
2014 - 2019 France ValentinRongier 135 M
76%
2024 - Portugal AnthonyLopes 18 G
75%
2022 - Egypte MostafaMohamed 112 A
75%
2017 - 2023 Brésil AndreiGirotto 205 D/M
73%
2017 - 20202021 - 2024 RépubliqueDémocratique Du Congo SamuelMoutoussamy 169 M
71%
2012 - 2021 Guinée AbdoulayeTouré 162 M
68%
2012 - 20142015 - 2016 Mali BiramaTouré 92 M
68%
2012 - 2017 France RémyRiou 166 G
68%
2011 - 2012 France RudyRiou 34 G
68%
2007 - 2014 Serbie FilipDjordjevic 198 A
64%
2009 - 2012 Sénégal Papa MalickBa 39 M
64%
2020 - 2025 Cameroun Jean - Charles
Castelletto
163 D
63%
2017 - 20182025 - Nigéria ChidozieAwaziem 23 D
61%
2016 - 2019 Brésil LucasLima 117 D
61%
2020 - 2024 France QuentinMerlin 81 D
61%
2018 - 2023 Mali CharlesTraoré 95 D
59%
2017 - 2019 Roumanie CiprianTatarusanu 67 G
59%
2012 - 2018 France LéoDubois 106 D
59%
2023 - 2024 CoteD'Ivoire BénieTraoré 15 A
58%
2016 - 2019 Brésil DiegoCarlos 108 D
58%
2010 - 2015 France JordanVeretout 146 M
58%
2013 - 2017 Venezuela OswaldoVizcarrondo 137 D
58%
2018 - 2022 France RandalKolo Muani 87 A
58%
2023 - 2025 Brésil DouglasAugusto 57 M
56%
2019 - 2025 Guadeloupe MarcusCoco 152 D/M/A
56%
2009 - 2015 Sénégal Papy MisonDjilobodji 187 D
56%
2024 - 2025 PaysDe Galles SorbaThomas 27 A
56%
2023 - 2025 Zimbabwe TinoKadewere 28 A
56%
2013 - 2016 Etats - Unis AlejandroBedoya 96 M
54%
2017 - 2022 Mali KalifaCoulibaly 110 A
54%
2013 - 2019 France MaximeDupé 64 G
54%
2022 - 2024 France MoussaSissoko 72 M
54%
2024 - France LouisLeroux 18 M
53%
2022 - France FabienCentonze 42 D
51%
2015 - 2016 Albanie LorikCana 24 D/M
51%
2010 - 2015 Togo SergeGakpé 138 A
51%
2016 - 2017 Maroc AmineHarit 34 M
49%
2018 - 2022 Belgique AnthonyLimbombe 38 A
49%
2018 - 2023 Brésil Fabio 96 D
49%
2021 - 2024 France RémyDescamps 17 G
49%
2024 - France HerbaGuirassy 21 A
47%
2022 - 2025 Cameroun IgnatiusGanago 57 A
47%
2024 - France JohannLepenant 31 M
47%
2023 - France NicolasCozza 42 D
47%
2015 - 2017 Belgique GuillaumeGillet 63 M
46%
2022 - 2025 France NathanZeze 35 D
46%
2015 - 2018 France AdrienThomasson 110 M
44%
2024 - France DehmaineTabibou 13 M
44%
2011 - 2015 France OlivierVeigneau 133 D
44%
2014 - 2018 Maroc YacineBammou 130 A
44%
2023 - 2025 Haiti Jean - KévinDuverne 30 D
42%
2012 - 2018 CoteD'Ivoire KoffiDjidji 112 D
42%
2018 - 2019 Etats Unis MattMiazga 9 D
42%
2011 - 2015 France VincentBessat 143 D/M
42%
2023 - 2024 Suisse ErayComert 27 D
41%
2010 - 2015 Sénégal IssaCissokho 140 D
41%
2015 - 2019 Islande KolbeinnSigthorsson 33 A
41%
2012 - 20152016 - 2017 Venezuela FernandoAristeguieta 57 A
39%
2018 - 2021 Maroc ImranLouza 66 M
39%
2023 - France KelvinAmian 44 D
39%
2016 - 2017 Pologne MariuszStepinski 26 A
39%
2024 - Suède PatrikCarlgren 7 G
39%
2016 - 2018 BurkinaFaso PréjuceNakoulma 29 A
39%
2020 - 2023 France SébastienCorchia 93 D
39%
2016 - 2017 Colombie FelipePardo 14 A
36%
2012 - 2016 France LucasDeaux 134 M
36%
2015 - 2016 Brésil Adryan 30 M
34%
2019 - 2024 Slovénie DenisPetric 3 G
34%
2022 - 2023 CoteD'Ivoire EvanGuessand 44 A
34%
2019 - 2021 Algérie MehdiAbeid 47 M
34%
2019 - 2022 Belgique RenaudEmond 38 A
34%
2021 - 2022 France WylanCyprien 29 M
32%
2018 - 2019 Ghana Abdul MajeedWaris 38 A
31%
2022 - 2023 Algérie AndyDelort 17 A
31%
2015 - 2019 France EnockKwateng 45 D
31%
2011 - 20122013 - 2016 Guinée IsmaelBangoura 48 A
31%
2018 - 2019 Brésil LucasEvangelista 19 M
31%
2023 - 2024 Brésil Marquinhos 7 A
31%
2021 - 2022 Ghana OsmanBukari 26 A
31%
2024 - France FrancisCoquelin 6 M
29%
2022 - 2024 Algérie JaouenHadjam 23 D
29%
2022 - 2023 Portugal JoaoVictor 16 D
29%
2017 - 2020 Slovénie ReneKrhin 50 M
29%
2019 - 20212022 - 2024 France Abdoul KaderBamba 94 A
27%
2010 - 2015 Comores ChakerAlhadhur 49 D
27%
2018 - 2019 GuinéeBissau EdgarIé 11 D
27%
2015 - 2016 Albanie ErmirLenjani 23 D
27%
2014 - 2018 France JulesIloki 85 M
27%
2016 - 2017 Danemark NicolajThomsen 15 A
27%
2016 - 2019 Suède AlexanderKacaniklic 31 A
25%
2019 - 2021 France BatistaMendy 3 D/M
25%
2019 - 2023 France DennisAppiah 106 D
25%
2022 - 2025 France FlorentMollet 66 M
25%
2018 - 2019 Brésil GabrielBoschilia 32 M
25%
2024 - 2025 Guinée SaidouSow 9 D
25%
2015 - 2016 Sénégal YoussoufSabaly 30 D
25%
2018 - 2019 France AbdoulayeDabo 2 M
24%
2020 - 2022 Mali AbdoulayeSylla 5 M
24%
2010 - 2014 France AdrienTrébel 105 M
24%
2023 - 2024 Brésil Adson 8 A
24%
2023 - 2024 France BastienMeupiyou 1 D
24%
2013 - 2015 Cameroun Georges - KevinN'Koudou 40 A
24%
2018 - 2019 France ValentinEysseric 7 M
24%
2021 - 2022 France WillemGeubbels 26 A
24%
2020 - 2022 France Jean - KévinAugustin 11 A
22%
2013 - 2016 Martinique JohanAudel 74 A
22%
2017 - 2020 RépubliqueDemocratique Du Congo JorisKayembe 3 D
22%
2023 - 2024 Sénégal LamineDiack 1 M
22%
2023 - Comores AdalMahamoud 2 A
20%
2013 - 2014 Roumanie BanelNicolita 20 A
20%
2019 - 2020 Pérou CristianBenavente 13 M
20%
2012 - 2014 Vénezuela GabrielCichero 43 D
20%
2021 - 2022 Arménie GorManvelyan 1 M
20%
2013 - 2015 Israel ItayShechter 28 A
20%
2005 - 2011 Haiti Jean - JacquesPierre 159 D
20%
2022 - Madagascar MathieuAcapandié 1 D
20%
2013 - 2016 Sénégal RémiGomis 55 M
20%
2011 - 2014 France FabricePancrate 68 A
19%
2010 - 2012 France JonathanMartins Pereira 61 D
19%
2014 - 2015 Danemark KianHansen 29 D
19%
2019 - 2020 Pérou PercyPrado 4 D
19%
2024 - France SekouDoucoure 2 D
19%
2022 - 2024 France StredairAppuah 9 A
19%
2019 - 2020 France WesleyMoustache 1 D
19%
2010 - 2013 CoréeDu Sud Yong - JaeLee 50 A
19%
2024 - 2025 RépubliqueDémocratique Du Congo MeschackElia 8 A
17%
2016 - 2017 Portugal SergioOliveira 6 M
17%
2017 - 2018 Belgique YassineEl Ghanassy 22 A
17%
2018 - 2020 France AlexandreOlliero 3 G
15%
2011 - 2012 Pologne GrzegorzKrychowiak 22 M
15%
2021 - 2023 France LohannDoucet 14 M
15%
2019 - 2020 Mali MollaWague 11 D
15%
2018 - 2021 France ThomasBasila 13 D
15%
2018 - 2019 Croatie AntonioMance 6 A
14%
2018 - 2020 France ElieYouan 8 A
14%
2010 - 2015 France ErwinZelazny 16 G
14%
2024 - 2025 CoteD'Ivoire Jean - PhilippeGbamin 15 M
14%
2006 - 20082010 - 2011 Sénégal KhassimiriouDiop 6 M
14%
2023 - 2024 France RonaelPierre - Gabriel 12 D
14%
2017 - 2019 Sénégal SantyNgom 15 A
14%
2011 - 2012 France SylvainWiltord 36 A
14%
2015 - 2018 France WilfriedMoimbé 27 D
14%
2015 - 2019 Cameroun AlexisAlégué 7 M
12%
2014 - 2019 RépubliqueDémocratique Du Congo AnthonyWalongwa 9 D
12%
2019 - 2021 France BridgeNdilu 8 A
12%
2012 - 2013 France DavidAlcibiade 6 D
12%
2007 - 20092010 - 2011 Cameroun GuyNdy Assembé 49 G
12%
2018 - 2019 Sénégal KaraMbodj 8 D
12%
2011 - 2012 Sénégal KemokhoCissé 1 D
12%
2012 - 2014 France YohanEudeline 37 A
12%
2023 - France EnzoMongo 1 D
10%
2011 - 2012 France FlorianRaspentino 34 A
10%
2009 - 2011 Hongrie LoicNego 18 D
10%
2021 - 2023 France MohamedAchi 3 M
10%
2008 - 2011 France RonnyRodelin 31 A
10%
2010 - 2012 France BrunoCheyrou 47 M
8%
2009 - 2013 Mali IsmaelKeita 56 M
8%
2019 - 2020 Togo JosuéHomawoo 1 D
8%
2022 - 2023 CoteD'Ivoire JuniorDiaz 1 D
8%
2009 - 2011 Slovaquie LubosKamenar 37 G
8%
2024 - 2025 RépubliqueDémocratique Du Congo PlamediNsingi 1 A
8%
2006 - 2011 France WilliamVainqueur 100 M
8%
2008 - 2011 Algérie DjamelAbdoun 52 A
7%
2023 - 2024 France HugoBoutsingkham 4 D
7%
2017 - 2018 France NajibGandi 5 M
7%
2010 - 2012 Brésil Vivian 71 D
7%
2021 - 2022 Gabon YannisM'Bemba 2 D
7%
2012 - 2015 Mali AdamaNiane 6 A
5%
2012 - 2015 RépubliqueDémocratique Du Congo AristoteN'Dongala 3 A
5%
2008 - 2011 Cameroun ChristianBekamenga 48 A
5%
2015 - 2016 France HichamM'Laab 3 M
5%
2011 - 2012 France Jean - JacquesMandrichi 4 A
5%
2010 - 2011 France StéphaneDarbion 64 M
5%
2015 - 2016 France ThomasHenry 2 A
5%
2010 - 2012 France VincentSasso 31 D
5%
2004 - 2009 2010 - 2011 Guadeloupe AurélienCapoue 131 A
3%
2011 - 2012 France DamienLe Tallec 8 M
3%
2010 - 2011 France LionelCarole 16 D
3%
2009 - 2011 Maroc MonsefZerka 37 A
3%
2009 - 2011 Algérie SofianeHanni 4 M
3%
2012 - 2013 Algérie AhmedMadouni 21 D
2%
2008 - 2011 France AristoteLusinga 4 D
2%
2010 - 2012 France DamianTixier 20 D
2%
2012 - 2013 France DamienMayenga 2 A
2%
2011 - 2012 RépubliqueDémocratique Du Congo GranddiN'goyi 20 M
2%
2012 - 2013 Maroc JamalAlioui 2 D
2%
2012 - 2013 France JérémyLe Sourne 1 D
2%
2012 - 2013 France LoisDiony 2 A
2%
2011 - 2012 France MauriceDalé 11 A
2%
2010 - 2011 France QuentinOthon 6 M
2%
2012 - 2013 Tunisue SaadTrabelsi 4 M
2%
2010 - 2011 CoteD'Ivoire SergesDeblé 27 A
2%
2012 - 2013 France AlexandreWroblewski 1 D
0%
2012 - 2013 Algérie KarimDjellabi 6 D
0%
2010 - 2011 Algérie OmarBenzerga 5 D
0%
Aucun quiz correspondant
Distribution des résultats
% des personnes avec chaque résultat
Percentile par nombre de réponses
Votre historique - résultats
Vous n’avez pas pris ce quiz depuis la dernière actualisation